| 000 | 00734nam a2200241 a 4500 | ||
|---|---|---|---|
| 003 | DO-SdBNP | ||
| 005 | 20220531084021.0 | ||
| 007 | ta | ||
| 008 | 210818e2018 dr ac||er ||| 000 ebspa d | ||
| 020 | _a9789945131994 | ||
| 040 |
_aDO-SdBNP _bspa _cBNPHU |
||
| 082 | 4 |
_bS237m _222 |
|
| 100 | 1 |
_97362 _aSantos, Julio Antonio _d1956- |
|
| 245 | 1 | 0 |
_aMomentos inolvidables de mi vida / _cJulio Antonio Santos. |
| 260 |
_aSanto Domingo : _bMediabyte, _c2018 |
||
| 300 |
_a215 p. : _bil., retr.; _c23 cm. |
||
| 500 | _aIncluye notas al pie de páginas. | ||
| 590 | _aInventariado 2021 / MF | ||
| 600 | 4 |
_97362 _aSantos, Julio Antonio _d1956- |
|
| 650 | 4 |
_9323 _aAutobiografia _xRepública dominicana |
|
| 910 | _aMFeliz | ||
| 942 |
_2ddc _cLBS1 |
||
| 999 |
_c50220 _d50220 |
||